Statystyki dla Państwa, które produkują najwięcej herbaty

Kliknij tutaj aby rozwiązać quiz!

Ogólne statystyki

  • Ten quiz został rozwiązany 16 371 razy
    (6 342 od ostatniego zresetowania)
  • Średni wynik to 8 z 15

Statystyki odpowiedzi

Tony metr.Kraj% Poprawnych
2 792 000Chiny
96%
1 390 000Indie
92%
81 700Japonia
80%
138 000Indonezja
65%
269 000Wietnam
64%
58 800Tajlandia
61%
90 700Bangladesz
46%
300 000Sri Lanka
43%
132 000Mjanma
42%
90 800Iran
38%
261 000Turcja
38%
85 700Argentyna
37%
459 000Kenia
24%
63 100Tanzania
15%
73 500Uganda
11%

Rozkład punktacji

Percentyl według liczby udzielonych odpowiedzi

Procent ludzi z każdym wynikiem

Twoja historia wyników

Nie rozwiązałeś tego quizu od ostatniego zresetowania